| 000 | 00877nam a22002777a 4500 | ||
|---|---|---|---|
| 001 | BR0503134 | ||
| 003 | BR-BrBNA | ||
| 005 | 20230928101919.0 | ||
| 007 | ta | ||
| 008 | 230509b bl.||||| |||| 00| 0 por d | ||
| 040 |
_aBR-BrBNA _bpor _cBiblioteca Nacional de Agricultura |
||
| 041 | _a(Por) | ||
| 072 |
_aD50; F03; F01 _b3575 _b3530 |
||
| 090 | _ 3575 BR0503134 | ||
| 110 | 1 |
_aSecretaria de Apoio Rural e Cooperativismo, Brasília, DF (Brasil) _98700 |
|
| 245 | 1 | _aLegislação brasileira sobre sementes e mudas: lei nº 10.711, de 5 de agosto de 2003; decreto nº 5.153 de 23 de julho de 2004 | |
| 260 | 3 |
_aBrasília, DF (Brasil): _c2004. |
|
| 300 | _a121 p. | ||
| 650 | _aSEMENTE | ||
| 650 | _aMUDA | ||
| 650 | _aLEGISLAÇÃO | ||
| 650 | _aCERTIFICAÇÃO DE SEMENTE | ||
| 650 | _aCERTIFICAÇÃO DE MUDA | ||
| 909 |
_a202309 _bLucia _c55 _dLucia Elande |
||
| 942 | _cBK | ||
| 999 |
_c68195 _d68195 |
||